000 00564nam a2200205Ia 4500
001 17098
003 GE_BSU
008 181216s||||||||xx |||||||||||||| ||und||
040 _cGE_BSU
080 _a821.353.1-1
100 _aგორგილაძე, ზურაბ
245 _aლექსები
245 _cრედ.ზ.ფირცხალაიშვილი
260 _aბათუმი
260 _bსაბჭ. აჭარა
260 _c1981
300 _a75გვ. ; 17სმ
653 _aლექსები
942 _cBK
999 _c50160
_d50160